Chorvátske výtvarné umenie

Bibliographic Details
Main Author: Babić, Ljubo, 1890-1974 (Author)
Other Authors: Kovár, Viliam, 1915-1982 (Translator)
Format: Book
Language:Slovak
Serbian
PhysicalDescription:29, [i], [iii] s. [xxxviii] tab. 8°
Published: Turčiansky Sv. Martin Matica slovenská 1943
Series:Knižnica výtvarného umenia
Subjects:

MARC

LEADER 00000cam a2200000 a 4500
001 vtls008363191
003 SK-MaSNL
005 20260301225611.0
008 250313s1943 xo 000 0 slo
015 |a SNBA19421945-014/0080 
035 |a SK01SNKBKSD220010055408 
035 |a urn:nbn:sk:snk-am3hixe 
035 |a 33F5412F-9503-483A-9A2D-C1C58291023B 
035 |a urn:nbn:sk:snk-am00d1y1 
035 |a SKM000057871 
040 |a SNK  |b slo  |c SNK  |e AACR2 
041 1 |a slo  |h srp 
044 |a xo  |c SK 
080 |a 773/76  |2 1981 
100 1 |a Babić, Ljubo,  |d 1890-1974  |4 aut  |9 173639 
245 1 0 |a Chorvátske výtvarné umenie  |c Ljubo Babić ; [preložil V. Kovár] 
260 |a Turčiansky Sv. Martin  |b Matica slovenská  |c 1943  |e Turčiansky Sv. Martin  |f Neografia 
300 |a 29, [i], [iii] s.  |b [xxxviii] tab.  |c 8° 
490 1 |a Knižnica výtvarného umenia  |v sv. 8 
650 0 7 |a chorvátske výtvarné umenie  |2 SNK  |9 60008 
655 7 |a obrazové publikácie  |2 SNKPH  |9 70343 
700 1 |a Kovár, Viliam,  |d 1915-1982  |4 trl  |9 16746 
830 0 |a Knižnica výtvarného umenia  |9 308948 
852 |a Slovenská národná knižnica 
958 |a OND 
958 |a RK 
958 |a TL 
999 |c 951488  |d 953418 
952 |a SNK  |b SNK  |y VYP  |7 0  |p 17A0255834  |o snkSD 4638/8 D1  |i snkF 2439/93  |8 5  |3 rekatalogizácia  |0 0  |1 0  |4 0  |d 2007-05-15  |l 0  |r 2026-02-24 09:50:49  |w 2026-02-24 
952 |a SNK  |b SNK  |y VYP  |7 0  |p 17A0542197  |o snkSD 4638/8 D2  |i snkF 5027/65  |8 5  |3 rekatalogizácia  |0 0  |1 0  |4 0  |d 2007-05-15  |l 0  |r 2026-02-24 09:50:49  |w 2026-02-24 
952 |a SNK  |b SNK  |y PREZ  |7 0  |p 17A0907619  |o snkSD 4638/8  |i snk115/44  |0 0  |1 0  |4 0  |d 2018-05-28  |f 1  |l 0  |r 2025-11-11 00:00:00  |w 2026-02-24